000 00741nam a22001937a 4500
999 _c178063
_d178063
005 20210315115245.0
010 _aUR-11075
020 _c300.00
_a9789390579105
035 _aU-9630
037 _bDBAD/PUB
082 _a030
100 _aعبد السمع صو فی
245 _aعد و ی معلو ما ت کا ا نسا ہيکلو پيڈ يا (صفر سے لا تنا ہی تک )
_cعبد السمع صو فی
246 _bA'Adadi Maloomaat Ka Encyclopedia (Sifar Se Lamutanahi Tak)(Urdu)
_aby Abdus Sami Soofi
260 _aN.Delhi
_c2021 ء
_bApplied Books
270 _a1739/10,Padodi House,Darya Ganj,
_bNew Delhi
_e110002
_l9953630788
300 _a304 ص
_c22 Cm(Hb)
942 _2ddc
_cUR
_h030
_mع ب د